| 000 | 00538nam a22001817a 4500 | ||
|---|---|---|---|
| 003 | SGT | ||
| 020 | _a9789359114262 | ||
| 082 |
_a342 _bN24C |
||
| 100 | _aCCHAUDHARY, RICHA | ||
| 245 | _aNAVIGATING THE LEGAL LANDSCAPE OF ENVIRONMENTAL CHALLENGES IN 21ST CENTURY | ||
| 250 | _a1ST | ||
| 260 |
_aINDIA _bWALNUT PUB _c2024 |
||
| 300 | _a320 | ||
| 650 | _aENVIROMENTAL STUDIES | ||
| 653 | _aNAVIGATING THE LEGAL LANDSCAPE OF ENVIRONMENTAL CHALLENGES IN 21ST CENTURY | ||
| 700 | _aSGT UNIVERSITY FACULTY PUBLICATION | ||
| 942 |
_2ddc _cBK |
||
| 999 |
_c33127 _d33127 |
||